000 00360nam a22001577a 4500
999 _c10930
_d10930
003 OSt
008 210915b ||||| |||| 00| 0 eng d
020 _a9780199695201
100 _aSTEVENSON,Angus
245 _aConcise Oxford English Dictionary
250 _a12th
260 _bOxford
_c2011
300 _a1682pg
650 _aDictionary
942 _2ddc
_cBK